01456cam a2200385 a 45000010009000000050017000090080041000260100017000670200029000840200026001130400022001390420008001610430021001690500025001900820019002152450134002342600044003683000026004124900052004385040066004906500035005566500043005916500029006346500037006636500023007006500030007236510029007536510037007827000020008197000028008399060045008679420012009129990017009249520129009411748824620170105102841.0121009s2013 enk b 001 0 eng  a 2012041357 a9780415625807 (hardback) z9780203367087 (ebook) aNIC/DLCcNICdDLC apcc aa------ap------00aJZ6009.A75bB55 201300a355/.0330522300aBilateralism, multilateralism and Asia-Pacific security :bcontending cooperation /cedited by William T. Tow and Brendan Taylor. aLondon ;aNew York :bRoutledge,c2013. axvi, 218 p. ;c24 cm.0 aRoutledge security in Asia Pacific series ;v24 aIncludes bibliographical references (p. [193]-213) and index. 0aSecurity, InternationalzAsia. 0aSecurity, InternationalzPacific Area. 0aNational securityzAsia. 0aNational securityzPacific Area. 0aAsian cooperation. 0aPacific Area cooperation. 0aAsiaxForeign relations. 0aPacific AreaxForeign relations.1 aTow, William T.1 aTaylor, Brendan,d1974- a7bcbccorignewd1eecipf20gy-gencatlg 2ddccBK c13872d13872 001040708NFICaCIPSbCIPScGENd2013-08-01l1m1o355.03305 BIL 2013pCIPS0000012r2015-06-18s2015-01-15w2017-01-05yBK